[Event "75th Armenian Ch. / The Highest League"]
[Site "Yerevan"]
[Date "2015.01.21"]
[Round "9"]
[Board "2"]
[White "Grigoryan, Avetik"]
[Black "Grigoryan, Karen H."]
[Result "1/2-1/2"]
[WhiteElo "2580"]
[BlackElo "2587"]
[PlyCount "74"]
[EventDate "2015.01.12"]
[EventRounds "9"]
[EventCountry "ARM"]

1. c4 e5 2. Nc3 Nf6 3. Nf3 Nc6 4. e4 Bb4 5. d3 d6 6. a3 Bxc3+ 7. bxc3 O-O 8. g3
Ne8 9. Bg2 f5 10. exf5 Bxf5 11. Nh4 Be6 12. O-O Nf6 13. Rb1 Rb8 14. h3 Qd7 15.
Kh2 d5 16. cxd5 Bxd5 17. Nf3 e4 18. Ng5 exd3 19. Qxd3 Ne5 20. Bxd5+ Qxd5 21.
Qxd5+ Nxd5 22. Kg2 Rfe8 23. Re1 Nd3 24. Rxe8+ Rxe8 25. c4 Nb6 26. Be3 Nxc4 27.
Rxb7 Nxe3+ 28. fxe3 h6 29. Nf3 c5 30. Rxa7 Rxe3 31. Nh4 Re5 32. Rc7 Kh7 33. Kf3
Ne1+ 34. Kf4 Nd3+ 35. Kf3 Ne1+ 36. Kf2 Nd3+ 37. Kf3 Ne1+ 1/2-1/2

[Event "75th Armenian Ch. / The Highest League"]
[Site "Yerevan"]
[Date "2015.01.21"]
[Round "9"]
[Board "3"]
[White "Shahinyan, David"]
[Black "Pashikian, Arman"]
[Result "1/2-1/2"]
[WhiteElo "2431"]
[BlackElo "2614"]
[PlyCount "83"]
[EventDate "2015.01.12"]
[EventRounds "9"]
[EventCountry "ARM"]

1. c4 g6 2. Nc3 c5 3. g3 Bg7 4. Bg2 Nc6 5. e4 d6 6. Nge2 e6 7. O-O Nge7 8. d3
O-O 9. Rb1 Rb8 10. Be3 Nd4 11. a3 Qd7 12. b4 b6 13. Bf4 Bb7 14. Nxd4 cxd4 15.
Ne2 e5 16. Bd2 f5 17. f3 b5 18. Qb3 bxc4 19. dxc4 Kh8 20. Rfe1 Rbc8 21. Rb2 Ng8
22. Nc1 Qf7 23. Rc2 Rc7 24. Nd3 Nf6 25. Rcc1 Nd7 26. Rc2 Nb6 27. Rec1 Bc8 28.
a4 fxe4 29. fxe4 Rxc4 30. a5 Rxc2 31. Qxc2 Nd7 32. b5 Nc5 33. Rf1 Qc7 34. Rc1
Qf7 35. Rf1 Qe7 36. Nxc5 dxc5 37. Rc1 Qf7 38. Rf1 Qe7 39. Rc1 Qf6 40. Rf1 Qd6
41. Rc1 Qf6 42. Rf1 1/2-1/2

[Event "75th Armenian Ch. / The Highest League"]
[Site "Yerevan"]
[Date "2015.01.21"]
[Round "9"]
[Board "4"]
[White "Ter-Sahakyan, Samvel"]
[Black "Kotanjian, Tigran"]
[Result "1-0"]
[WhiteElo "2580"]
[BlackElo "2501"]
[PlyCount "139"]
[EventDate "2015.01.12"]
[EventRounds "9"]
[EventCountry "ARM"]

1. e4 c5 2. Nf3 Nc6 3. d4 cxd4 4. Nxd4 e6 5. Nc3 a6 6. Nxc6 bxc6 7. Bd3 d5 8.
O-O Nf6 9. Re1 Be7 10. e5 Nd7 11. Qg4 g6 12. Na4 h5 13. Qe2 c5 14. c4 d4 15. b4
Rb8 16. b5 h4 17. h3 Bb7 18. Nb2 Rh5 19. f4 Ra8 20. Bd2 a5 21. a4 Ra7 22. Qg4
Rh8 23. Nd1 Kf8 24. Nf2 Nb6 25. Qe2 Qa8 26. Ng4 Nd7 27. Rf1 Rh5 28. Rf2 Kg7 29.
Nh2 Nb6 30. Be1 Qd8 31. Nf1 Qc7 32. Nd2 Nd7 33. Nb3 Bd8 34. Bd2 Qc8 35. Raf1
Nf8 36. Qe1 Qa8 37. Nxc5 Bb6 38. Nb3 Nd7 39. Qe2 Nc5 40. Nxc5 Bxc5 41. Re1 Rh8
42. Qg4 Rh5 43. Ree2 Qd8 44. Rf1 Ba8 45. Be1 Qe7 46. Kh1 Rd7 47. Ra2 Bb6 48.
Bf2 Rc7 49. Rd1 Rh8 50. Rad2 Rd7 51. Rf1 Rdd8 52. Be1 Rh5 53. Qd1 Qa3 54. Bf2
Rc8 55. Kg1 Rhh8 56. Qg4 Qe7 57. Rc1 Bc5 58. Rdc2 Bb7 59. Kh1 Rh5 60. Be1 Ra8
61. Rd1 Rhh8 62. Rcd2 Bb4 63. Re2 Bxe1 64. Rexe1 Rac8 65. Rd2 Qb4 66. Red1 Qxa4
67. Qg5 Qa3 68. f5 exf5 69. Qf6+ Kh6 70. Rf1 1-0

[Event "75th Armenian Ch. / The Highest League"]
[Site "Yerevan"]
[Date "2015.01.21"]
[Round "9"]
[Board "5"]
[White "Gabuzyan, Hovhannes"]
[Black "Mikaelyan, Arman"]
[Result "1-0"]
[WhiteElo "2560"]
[BlackElo "2350"]
[PlyCount "125"]
[EventDate "2015.01.12"]
[EventRounds "9"]
[EventCountry "ARM"]

1. Nf3 Nf6 2. g3 g6 3. Bg2 Bg7 4. O-O O-O 5. c4 c6 6. d4 d5 7. Qb3 dxc4 8. Qxc4
Be6 9. Qa4 Nbd7 10. Nc3 Bf5 11. Bf4 Qb6 12. Qa3 Nd5 13. Nxd5 cxd5 14. Rac1 Rfe8
15. Bc7 Qb5 16. e3 Bf8 17. Rfd1 e5 18. Bd6 e4 19. Ne1 Bxd6 20. Qxd6 Qxb2 21.
Qxd5 Nf6 22. Qd6 Re6 23. Qc7 Qxa2 24. Qxb7 Qd5 25. Qxd5 Nxd5 26. Nd3 Nf6 27.
Nc5 Rb6 28. Ra1 a5 29. Ra3 h5 30. h3 Rb2 31. Rda1 Kg7 32. R3a2 Rxa2 33. Rxa2
Rb8 34. Ra1 Rb2 35. Bf1 Kh6 36. Rxa5 Rb1 37. Kg2 Bxh3+ 38. Kxh3 Rxf1 39. Kg2
Rb1 40. Ra7 Rb2 41. Rxf7 Ng4 42. Nxe4 Nxe3+ 43. Kf3 Ng4 44. Re7 Rb3+ 45. Ke2
Rb2+ 46. Ke1 Rb5 47. f3 Rb1+ 48. Kd2 Nh2 49. f4 Nf3+ 50. Kc2 Re1 51. d5 Nd4+
52. Kd2 Nf3+ 53. Kc3 h4 54. gxh4 Nxh4 55. d6 Rd1 56. d7 Nf3 57. Nf6 g5 58. f5
g4 59. Nxg4+ Kg5 60. f6 Nh4 61. Rg7+ Kh5 62. f7 Ng6 63. Rxg6 1-0